ARRUPE JESUIT UNIVERSITY

CORONAVIRUS -STOP THE SPREAD - CLEAN,DISINFECT,COVER

The Prince of Pleasure and his Regency, 1811-20 (Record no. 130174)

MARC details
000 -LEADER
fixed length control field 00995cam a2200277 4500
001 - CONTROL NUMBER
control field 1338832
003 - CONTROL NUMBER IDENTIFIER
control field ARRUPE
005 - DATE AND TIME OF LATEST TRANSACTION
control field 20200122102716.0
008 - FIXED-LENGTH DATA ELEMENTS--GENERAL INFORMATION
fixed length control field 691015s1969 nyuabch b 001 0 eng
010 ## - LIBRARY OF CONGRESS CONTROL NUMBER
LC control number 79077594
040 ## - CATALOGING SOURCE
Original cataloging agency DLC
Transcribing agency DLC
Modifying agency DLC
050 00 - LIBRARY OF CONGRESS CALL NUMBER
Classification number DA521
Item number .P7 1971
082 00 - DEWEY DECIMAL CLASSIFICATION NUMBER
Classification number 942.07/3
300 ## - PHYSICAL DESCRIPTION
Other physical details illus. (part col.), facsims., map, ports. (part col.)
Dimensions 26 cm.
100 1# - MAIN ENTRY--PERSONAL NAME
Personal name Priestley, J. B.
Fuller form of name (John Boynton),
Dates associated with a name 1894-1984.
9 (RLIN) 49026
245 14 - TITLE STATEMENT
Title The Prince of Pleasure and his Regency, 1811-20
Statement of responsibility, etc [by] J. B. Priestley.
260 ## - PUBLICATION, DISTRIBUTION, ETC. (IMPRINT)
Place of publication, distribution, etc London,
Name of publisher, distributor, etc Sphere Books
Date of publication, distribution, etc 1971
300 ## - PHYSICAL DESCRIPTION
Extent 304 p.
350 ## - PRICE (NR) (BK AM CF MU VM SE) [OBSOLETE]
Price 15.00
504 ## - BIBLIOGRAPHY, ETC. NOTE
Bibliography, etc Bibliography: p. 294-296.
650 #0 - SUBJECT ADDED ENTRY--TOPICAL TERM
Topical term or geographic name as entry element Regency
Geographic subdivision Great Britain.
9 (RLIN) 48973
651 #0 - SUBJECT ADDED ENTRY--GEOGRAPHIC NAME
Geographic name Great Britain
General subdivision History
Chronological subdivision George III, 1760-1820.
9 (RLIN) 49027
651 #0 - SUBJECT ADDED ENTRY--GEOGRAPHIC NAME
Geographic name Great Britain
General subdivision History
Chronological subdivision George IV, 1820-1830.
9 (RLIN) 49028
651 #0 - SUBJECT ADDED ENTRY--GEOGRAPHIC NAME
Geographic name Great Britain
General subdivision Social life and customs
Chronological subdivision 19th century.
9 (RLIN) 49029
906 ## - LOCAL DATA ELEMENT F, LDF (RLIN)
a 7
b cbc
c orignew
d u
e ncip
f 19
g y-gencatlg
942 ## - ADDED ENTRY ELEMENTS (KOHA)
Source of classification or shelving scheme Library of Congress Classification
Koha item type Monograph ( Printed materials)
Holdings
Withdrawn status Lost status Source of classification or shelving scheme Damaged status Not for loan Collection code Home library Current library Shelving location Date acquired Total Checkouts Full call number Barcode Date last seen Price effective from Koha item type
    Library of Congress Classification     Main Collection ARRUPE LIBRARY ARRUPE LIBRARY Main Collection 22/01/2020   DA521 .P7 1971 46600006225 22/01/2020 22/01/2020 Monograph ( Printed materials)

 

Arrupe Library. PO Box MP320 Mt Pleasant, Harare, Zimbabwe
263 242 745411|librarian@aju.ac.zw